Mi primer crimen / (Record no. 158381)

MARC details
000 -LEADER
campo de control de longitud fija 00751nam a22002295i 4500
001 - NÚMERO DE CONTROL
campo de control 158381
003 - IDENTIFICADOR DE NÚMERO DE CONTROL
campo de control ES-MaACL
005 - FECHA Y HORA DE LA ÚLTIMA TRANSACCIÓN
campo de control 20230906211122.0
008 - DATOS DE LONGITUD FIJA--INFORMACIÓN GENERAL
campo de control de longitud fija 040830s1888 sp |||| | spa d
040 ## - FUENTE DE CATALOGACIÓN
Centro catalogador/agencia de origen CAM
Lengua de catalogación spa
Centro/agencia transcriptor CAM
100 1# - ENTRADA PRINCIPAL--NOMBRE DE PERSONA
Nombre de persona Macé, Gustave.
9 (RLIN) 129306
245 10 - MENCIÓN DEL TÍTULO
Título Mi primer crimen /
Mención de responsabilidad, etc. por G. Macé.
250 ## - MENCION DE EDICION
Mención de edición 1ª versión española.
260 ## - PUBLICACIÓN, DISTRIBUCIÓN, ETC.
Lugar de publicación, distribución, etc. Madrid :
Nombre del editor, distribuidor, etc. J.F. Romero editor,
Fecha de publicación, distribución, etc. 1888 (
Fabricante Establecimiento tipográfico de I.M.)
300 ## - DESCRIPCIÓN FÍSICA
Extensión 442 p. ;
Dimensiones 19 cm.
490 1# - MENCIÓN DE SERIE
Mención de serie Biblioteca internacional
490 1# - MENCIÓN DE SERIE
Mención de serie La policía parisiense
830 0# - PUNTO DE ACCESO ADICIONAL DE SERIE-TÍTULO UNIFORME
Título uniforme Biblioteca internacional
9 (RLIN) 182937
830 0# - PUNTO DE ACCESO ADICIONAL DE SERIE-TÍTULO UNIFORME
Título uniforme La policía parisiense
9 (RLIN) 221849
852 ## - LOCALIZACIÓN
Ubicación ES-MaACL
Número de control de estantería D-2038
Nota libre -- Sin enc.
-- -- Legado M. de la Fuente
Holdings
Estatus retirado Estado de pérdida Estado de daño No para préstamo Colección Biblioteca de origen Biblioteca actual Ubicación en estantería Fecha de adquisición Fuente de adquisición Total de préstamos Signatura topográfica completa Código de barras Visto por última vez Precio de reemplazo Tipo de ítem Koha
        Libros del s. XIX Biblioteca del Ateneo de Madrid Biblioteca del Ateneo de Madrid Sala Valle Inclán 17/01/2008     D-2038 901165765 23/02/2023 23/02/2023 Libro impreso antiguo